<?xml version="1.0" encoding="UTF-8"?>
<marc:record xmlns:marc="http://www.loc.gov/MARC21/slim">
   <marc:leader>00000nam a2200000 a 4500</marc:leader>
   <marc:datafield ind1="1" ind2=" " tag="100">
      <marc:subfield code="a">Hibberd, James</marc:subfield>
      <marc:subfield code="4">aut</marc:subfield>
      <marc:subfield code="e">Verfasser/-in</marc:subfield>
   </marc:datafield>
   <marc:datafield ind1="1" ind2=" " tag="100">
      <marc:subfield code="a">Helweg, Andreas</marc:subfield>
      <marc:subfield code="4">trl</marc:subfield>
      <marc:subfield code="e">Übersetzer/-in</marc:subfield>
   </marc:datafield>
   <marc:datafield ind1=" " ind2=" " tag="653">
      <marc:subfield code="a">Filmproduktion</marc:subfield>
   </marc:datafield>
   <marc:datafield ind1=" " ind2=" " tag="653">
      <marc:subfield code="a">Dreharbeit</marc:subfield>
   </marc:datafield>
   <marc:datafield ind1=" " ind2=" " tag="653">
      <marc:subfield code="a">Game of Thrones</marc:subfield>
   </marc:datafield>
   <marc:datafield ind1=" " ind2=" " tag="653">
      <marc:subfield code="a">Das Lied von Eis und Feuer</marc:subfield>
   </marc:datafield>
   <marc:datafield ind1=" " ind2=" " tag="653">
      <marc:subfield code="a">George R. R. Martin</marc:subfield>
   </marc:datafield>
   <marc:datafield ind1=" " ind2=" " tag="653">
      <marc:subfield code="a">Begleitbuch</marc:subfield>
   </marc:datafield>
   <marc:datafield ind1=" " ind2=" " tag="653">
      <marc:subfield code="a">Exklusiv</marc:subfield>
   </marc:datafield>
   <marc:datafield ind1=" " ind2=" " tag="653">
      <marc:subfield code="a">Hinter den Kulissen</marc:subfield>
   </marc:datafield>
   <marc:datafield ind1=" " ind2=" " tag="653">
      <marc:subfield code="a">Westeros</marc:subfield>
   </marc:datafield>
   <marc:datafield ind1=" " ind2=" " tag="653">
      <marc:subfield code="a">GRRM</marc:subfield>
   </marc:datafield>
   <marc:datafield ind1=" " ind2=" " tag="653">
      <marc:subfield code="a">Peter Dinklage</marc:subfield>
   </marc:datafield>
   <marc:datafield ind1=" " ind2=" " tag="653">
      <marc:subfield code="a">Daenerys</marc:subfield>
   </marc:datafield>
   <marc:datafield ind1=" " ind2=" " tag="653">
      <marc:subfield code="a">Softcover / Belletristik/Fantasy</marc:subfield>
   </marc:datafield>
   <marc:datafield ind1="0" ind2="0" tag="245">
      <marc:subfield code="a">Feuer kann einen Drachen nicht töten</marc:subfield>
   </marc:datafield>
   <marc:datafield ind1="0" ind2="0" tag="245">
      <marc:subfield code="b">Game of Thrones und die offizielle, noch unbekannte Geschichte der epischen Serie</marc:subfield>
   </marc:datafield>
   <marc:datafield ind1="0" ind2="0" tag="245">
      <marc:subfield code="c">James Hibberd ; Deutsch von Andreas Helweg</marc:subfield>
   </marc:datafield>
   <marc:datafield ind1=" " ind2="1" tag="264">
      <marc:subfield code="a">München</marc:subfield>
      <marc:subfield code="b">Penhaligon</marc:subfield>
   </marc:datafield>
   <marc:datafield ind1=" " ind2=" " tag="250">
      <marc:subfield code="a">1. Auflage</marc:subfield>
   </marc:datafield>
   <marc:datafield ind1="1" ind2=" " tag="520">
      <marc:subfield code="a">Angaben aus der Verlagsmeldung

Feuer kann einen Drachen nicht töten : GAME OF THRONES und die offizielle, noch unbekannte Geschichte der epischen Serie FIRE CANNOT KILL A DRAGON: Game of Thrones and the Official Untold Story of an Epic Series / von James Hibberd

Exklusiv und einmalig: alle Hintergründe zur Blockbuster-Serie, mit brandneuen Interviews, unveröffentlichten Bildern, autorisiert von GRRM und HBO.

Sie war die unmöglichste Roman-Adaption der Geschichte: die Verfilmung von »Game of Thrones«. Sogar Autor George R.R. Martin war überzeugt, dass seine Fantasysaga zu komplex für den Bildschirm sei. Und doch machte HBO das Unmögliche möglich: Die ab 2011 ausgestrahlte Show wurde zum größten Serien-Phänomen aller Zeiten, gekrönt mit unzähligen Preisen (darunter 59 Emmys und damit mehr als jede andere Show der Geschichte) und zuletzt 44 Millionen Zuschauern pro Folge – und das allein in den USA. Alles an der Serie unterlag höchster Geheimhaltung – doch einer hatte Zugang zu den hermetisch abgeriegelten Sets und interviewte exklusiv all jene Menschen, die zum überragenden Erfolg von »Game of Thrones« beitrugen: der Journalist James Hibberd. In diesem Prachtband, gespickt mit bislang unveröffentlichten Bildern, erzählt er ihre Geschichten und lässt Stars, Showrunner und den Autor erzählen, über was sie vor Serienende mit niemanden sprechen durften: was hinter den Kulissen von »Game of Thrones« wirklich passierte.

</marc:subfield>
   </marc:datafield>
   <marc:datafield ind1=" " ind2=" " tag="020">
      <marc:subfield code="a">9783764532543</marc:subfield>
      <marc:subfield code="9">9783764532543</marc:subfield>
   </marc:datafield>
   <marc:datafield ind1=" " ind2=" " tag="020">
      <marc:subfield code="a">3764532548</marc:subfield>
      <marc:subfield code="9">3764532548</marc:subfield>
   </marc:datafield>
   <marc:datafield ind1=" " ind2=" " tag="041">
      <marc:subfield code="a">ger</marc:subfield>
   </marc:datafield>
   <marc:datafield ind1=" " ind2=" " tag="300">
      <marc:subfield code="a">463 Seiten, 48 ungezählte Seiten</marc:subfield>
   </marc:datafield>
</marc:record>
